Rafael Urzúa, arquitecto/ (Registro nro. 71836)

Detalles MARC
000 -LEADER
campo de control de longitud fija 01529aam a2200409 i 4500
001 - NÚMERO DE CONTROL
campo de control MOR01000072142
005 - FECHA Y HORA DE LA ÚLTIMA TRANSACCIÓN
campo de control 20260331135443.0
007 - CAMPO FIJO DE DESCRIPCIÓN FÍSICA--INFORMACIÓN GENERAL
campo de control de longitud fija ta
008 - DATOS DE LONGITUD FIJA--INFORMACIÓN GENERAL
campo de control de longitud fija 011108s2000 jamefo g i 000 0dspa d
020 ## - NÚMERO INTERNACIONAL ESTÁNDAR DEL LIBRO
Número Internacional Estándar del Libro 970-657-045-4
035 ## - NÚMERO DE CONTROL DEL SISTEMA
Número de control de sistema 013139
040 ## - FUENTE DE CATALOGACIÓN
Centro catalogador/agencia de origen mxcmmo
Lengua de catalogación spa
Normas de descripción rda
Centro/agencia transcriptor mxcmmo
041 0# - CÓDIGO DE IDIOMA
Código de lengua del texto/banda sonora o título independiente spa
043 ## - CÓDIGO DE ÁREA GEOGRÁFICA
Código de área geográfica n-mx-ja
045 ## - PERIODO DE TIEMPO DEL CONTENIDO
Código de periodo de tiempo x3x8
082 04 - NÚMERO DE LA CLASIFICACIÓN DECIMAL DEWEY
Número de clasificación 720.97235
Número de ítem LAN.r
100 1# - ENTRADA PRINCIPAL--NOMBRE DE PERSONA
Nombre de persona Lanzagorta Vallín, Juan
Fechas asociadas al nombre 1950-
Término indicativo de función/relación autor
9 (RLIN) 126059
245 10 - MENCIÓN DEL TÍTULO
Título Rafael Urzúa, arquitecto/
Mención de responsabilidad, etc. Juan Lanzagorta Vallín ; [pról. Gonzalo Villa Chávez ; prefacio Carlos Petersen Farah]
264 #1 - PRODUCCIÓN, PUBLICACIÓN, DISTRIBUCIÓN, FABRICACIÓN Y COPYRIGHT
Producción, publicación, distribución, fabricación y copyright Guadalajara, Jalisco :
Nombre del de productor, editor, distribuidor, fabricante Instituto Tecnológico y de Estudios Superiores de Occidente,
Fecha de producción, publicación, distribución, fabricación o copyright 2000.
300 ## - DESCRIPCIÓN FÍSICA
Extensión 218 páginas:
Otras características físicas planos, láms., fotos;
Dimensiones 22 cm
336 ## - TIPO DE CONTENIDO
Término de tipo de contenido texto
Código de tipo de contenido txt
Fuente rdacontent
337 ## - TIPO DE MEDIO
Nombre/término del tipo de medio sin medio
Código del tipo de medio n
Fuente rdamedia
338 ## - TIPO DE SOPORTE
Nombre/término del tipo de soporte volumen
Código del tipo de soporte nc
Fuente rdacarrier
600 #7 - PUNTO DE ACCESO ADICIONAL DE MATERIA--NOMBRE DE PERSONA
Nombre de persona Urzua, Rafael
Fechas asociadas al nombre 1905-1991
Subdivisión general Ideas sobre arquitectura
9 (RLIN) 126060
650 #7 - PUNTO DE ACCESO ADICIONAL DE MATERIA--TÉRMINO DE MATERIA
Término de materia o nombre geográfico como elemento de entrada Arquitectura
Subdivisión geográfica Jalico
9 (RLIN) 126061
700 1# - ENTRADA AGREGADA--NOMBRE PERSONAL
Nombre de persona Petersen Farah, Carlos
Término indicativo de función/relación prologuista
9 (RLIN) 126062
700 1# - ENTRADA AGREGADA--NOMBRE PERSONAL
Nombre de persona Villa Chavez, Gonzalo
Término indicativo de función/relación prologuista
9 (RLIN) 126063
710 2# - ENTRADA AGREGADA--NOMBRE DE ENTIDAD CORPORATIVA
Nombre de entidad corporativa o nombre de jurisdicción como elemento de entrada Instituto Tecnológico y de Estudios Superiores de Occidente (Guadalajara, Jalisco)
9 (RLIN) 9425
900 ## - ELEMENTOS DE DATOS A LOCAL, LDA (RLIN)
Nombre de persona ALEPH14
Numeración 10
Títulos y otros términos asociados al nombre 20061103
Lenguaje de la obra MOR01
-- 1052
900 ## - ELEMENTOS DE DATOS A LOCAL, LDA (RLIN)
Nombre de persona BATCH-UPD
Numeración 00
Títulos y otros términos asociados al nombre 20120323
Lenguaje de la obra MOR01
-- 1748
900 ## - ELEMENTOS DE DATOS A LOCAL, LDA (RLIN)
Nombre de persona BATCH-UPD
Numeración 10
Títulos y otros términos asociados al nombre 20120321
Lenguaje de la obra MOR01
-- 1711
900 ## - ELEMENTOS DE DATOS A LOCAL, LDA (RLIN)
Nombre de persona BATCH
Numeración 00
Títulos y otros términos asociados al nombre 20120322
Lenguaje de la obra MOR01
-- 1734
900 ## - ELEMENTOS DE DATOS A LOCAL, LDA (RLIN)
Nombre de persona DYNIX
Numeración 00
Títulos y otros términos asociados al nombre 20030304
Lenguaje de la obra MOR01
-- 1722
904 ## - ELEMENTOS DE DATOS D LOCAL, LDD (RLIN)
a UPDATE
942 ## - ELEMENTOS DE ENTRADA SECUNDARIOS (KOHA)
Código de la institución [OBSOLETO] BK
901 ## - ELEMENTOS DE DATOS A LOCAL LDA (RLIN)
a batch batch
Existencias
Estatus retirado Estado de pérdida Fuente del sistema de clasificación o colocación Estado de daño No para préstamo Colección Biblioteca de origen Biblioteca actual Ubicación en estantería Fecha de adquisición Fuente de adquisición Número de inventario Total de préstamos Signatura topográfica completa Código de barras Visto por última vez Precio de reemplazo Tipo de ítem Koha
    Clasificación Decimal Dewey     Libros (General) Biblioteca Instituto Mora Biblioteca Instituto Mora Regular 09/11/2001   97350   (G)/720.97235 LAN.r 33291000776514 03/09/2024 03/09/2024 Libro préstamo regular